Energeticky úsporné riešenie personálneho klaudu

Guardado en:
Detalles Bibliográficos
Autor principal: Blažíček, Andrej (Autor)
Otros Autores: Kotuliaková, Kvetoslava (Orientador)
Formato: Manuscrito Libro
Lenguaje:eslovaco
Publicado: Bratislava : STU v Bratislave FEI, 2023
Materias:
Acceso en línea:https://opac.crzp.sk/?fn=detailBiblioFormChildK14T70&sid=32866E47BC3455BDB4F27CCEA70C&seo=CRZP-detail-kniha
Etiquetas: Agregar Etiqueta
Sin Etiquetas, Sea el primero en etiquetar este registro!

MARC

LEADER 00000ntm a22000003a 4500
001 stuzp92309
003 SK-STU
005 20241126135201.3
007 ta
008 150427s2015----xo-----f-mn---000-0-slo-d
040 |a STU  |b slo 
041 0 |a slo 
044 |a xo 
100 1 |a Blažíček, Andrej  |u 037000  |4 aut  |U FEI Fakulta elektrotechniky a informatiky  |T FEI Ústav multimediálnych informačných a komunikačných technológií  |X 74917  |U E070  |Y 818  |7 74917 
242 0 1 |a Energy-saving personal cloud solution  |y eng 
245 1 0 |a Energeticky úsporné riešenie personálneho klaudu 
260 |a Bratislava :  |b STU v Bratislave FEI,  |c 2023 
300 |a 57 s. 
650 4 |a klaud  |2 slo 
650 4 |a zálohovanie  |2 slo 
650 4 |a RAID  |2 slo 
650 4 |a RAID  |2 eng 
650 4 |a cloud  |2 eng 
650 4 |a backup  |2 eng 
700 1 |a Kotuliaková, Kvetoslava  |u 037000  |k Z1  |4 ths  |U FEI Fakulta elektrotechniky a informatiky  |T FEI Ústav multimediálnych informačných a komunikačných technológií  |X 2015  |U E070  |Y 818  |7 A000002015 
856 4 |u https://opac.crzp.sk/?fn=detailBiblioFormChildK14T70&sid=32866E47BC3455BDB4F27CCEA70C&seo=CRZP-detail-kniha